书目信息 |
| 题名: |
情报生涯三十年
|
|
| 作者: | 科尔比 著 ;纪晴 译 | |
| 分册: | ||
| 出版信息: | 北京 群众出版社 1982 |
|
| 页数: | 407页 | |
| 开本: | 21cm | |
| 丛书名: | ||
| 单 册: | ||
| 中图分类: | D771.236 | |
| 科图分类: | ||
| 主题词: | 情报机构--活动--美国 , 情报机构--美国 | |
| 电子资源: | ||
| ISBN: | ||
| 000 | 00935nam0 2200265 45 | |
| 001 | 0182008683 | |
| 005 | 20060817174841.46 | |
| 010 | @dCNY1.15 | |
| 091 | @a3067.145 | |
| 100 | @a19950705d1982 em y0chiy0121 ea | |
| 101 | 1 | @achi@ceng |
| 102 | @aCN@b110000 | |
| 105 | @ay z 000yd | |
| 200 | 10 | @a情报生涯三十年@Aqing bao sheng ya san shi nian@e美国中央情报局前局长科尔比回忆录@EMei Guo Zhong Yang Qing Bao Ju Qian Ju Zhang Ke Er Bi Hui YiLu@f(美)威廉·科尔比著@F(Mei)Wei Lian·Ke Er Bi Zhu@g纪晴译 |
| 210 | @a北京@c群众出版社@d1982 | |
| 215 | @a407页@d21cm | |
| 517 | @a美国中央情报局前局长科尔比回忆录@AMei Guo Zhong Yang Qing Bao Ju Qian Ju Zhang Ke Er Bi Hui Yi Lu | |
| 606 | 0 | @a情报机构@x活动@y美国 |
| 606 | @a情报机构@y美国 | |
| 690 | @aD771.236@v3 | |
| 701 | 0 | @a科尔比@4著 |
| 702 | 0 | @a纪晴@Aji qing@4译 |
| 801 | 2 | @aCN@bNLC@c20060817 |
| 801 | 0 | @aCN@b上海图书馆@c20040428 |
| 905 | @dD771.236@e138@f1@b218258 | |
| 情报生涯三十年:美国中央情报局前局长科尔比回忆录/(美)威廉·科尔比著/纪晴译.-北京:群众出版社,1982 |
| 407页;21cm |
| ISBN :CNY1.15 |
| ● |
| 相关链接 |
|
|
|
|
正题名:情报生涯三十年
索取号:D771.236/138
 
预约/预借
| 序号 | 登录号 | 条形码 | 馆藏地/架位号 | 状态 | 备注 |
| 1 | 0218256 | 001017660 | 密集书库/ [索取号:D771.236/138] | 在馆 | |
| 2 | 0218257 | 001017642 | 第一借阅区/ [索取号:D771.236/138] | 在馆 | |
| 3 | 0465533 | 204655337 | 密集书库/ [索取号:D771.236/138] | 在馆 |